| 000 | 00548nam a2200181Ia 4500 | ||
|---|---|---|---|
| 008 | 100920s9999 xx 000 0 und d | ||
| 082 |
_b73412 _a580 थ 94 |
||
| 100 | _aरणसिंग ना.बा./ रणसिंग मोहन. | ||
| 245 | _aठाकरवाडी. | ||
| 260 |
_bग्रंथाली, मुंबई. _c1994 |
||
| 300 |
_a175 _bसाधी |
||
| 365 | _b125 | ||
| 520 | _aशाई. | ||
| 630 | _aठाकरवाडी. | ||
| 650 | _aशाई. | ||
| 730 | _aठाकरवाडी. | ||
| 942 | _cBOOK | ||
| 999 |
_c715084 _d715081 |
||